|
|
|
|
| LEADER |
01130nam a2200349 a 4500 |
| 001 |
nkc20061649291 |
| 003 |
CZ PrNK |
| 005 |
20061023154206.0 |
| 007 |
ta |
| 008 |
060727s2006 xr a b 000 1 cze |
| 015 |
|
|
|a cnb001649291
|
| 020 |
|
|
|a 80-7341-808-8
|q (váz.) :
|c Kč 249,00
|
| 035 |
|
|
|a (OCoLC)85546557
|
| 040 |
|
|
|a ABA001
|b cze
|
| 072 |
|
7 |
|a 821-93
|x Literatura pro děti a mládež (beletrie)
|2 Konspekt
|9 26
|
| 080 |
|
|
|a 821-312.5
|2 MRF
|
| 080 |
|
|
|a 821-93
|2 MRF
|
| 080 |
|
|
|a (084.1)
|2 MRF
|
| 100 |
1 |
|
|a Faltová, Věra,
|d 1932-2009
|7 jn19981001030
|4 aut
|4 ill
|
| 245 |
1 |
0 |
|a Malý Vlk a Bystré Očko /
|c nakreslila a napsala Věra Faltová
|
| 250 |
|
|
|a 1. vyd.
|
| 260 |
|
|
|a Praha :
|b BB/art,
|c 2006
|
| 300 |
|
|
|a 144 s. :
|b vše barev. il. ;
|c 25 cm
|
| 655 |
|
7 |
|a komiksy
|7 fd131978
|2 czenas
|
| 655 |
|
7 |
|a publikace pro děti
|7 fd133156
|2 czenas
|
| 655 |
|
9 |
|a comics
|2 eczenas
|
| 655 |
|
9 |
|a children's literature
|2 eczenas
|
| 910 |
2 |
|
|a BOA001
|b 3-1175.319
|
| 990 |
|
|
|a BK
|
| 995 |
|
|
|a 01
|
| 991 |
|
|
|b 200610
|
| 996 |
6 |
|
|b 2610291333
|c 3-1175.319
|l MZK
|r Sklad / do 1 hodiny
|n 0
|p p.v.
|w 000828448
|u 000010
|a 1
|e BOA001
|j MZK50
|s P
|